MARC details
| 000 -LEADER |
| fixed length control field |
01910nac a22004331u 4500 |
| 003 - CONTROL NUMBER IDENTIFIER |
| control field |
EG-ScBUE |
| 005 - DATE AND TIME OF LATEST TRANSACTION |
| control field |
20210418124634.0 |
| 008 - FIXED-LENGTH DATA ELEMENTS--GENERAL INFORMATION |
| fixed length control field |
100922s2006 xxka f d 000 0 eng d |
| 020 ## - INTERNATIONAL STANDARD BOOK NUMBER |
| International Standard Book Number |
9780521831796 |
| 020 ## - INTERNATIONAL STANDARD BOOK NUMBER |
| International Standard Book Number |
0521831792 |
| 035 ## - SYSTEM CONTROL NUMBER |
| System control number |
(OCoLC)ocm62132885 |
| 040 ## - CATALOGING SOURCE |
| Original cataloging agency |
EG-ScBUE |
| Language of cataloging |
eng |
| Description conventions |
rda |
| Transcribing agency |
EG-ScBUE |
| Modifying agency |
EG-ScBUE |
| 082 04 - DEWEY DECIMAL CLASSIFICATION NUMBER |
| Classification number |
820.90003 |
| Item number |
CAM |
| Edition number |
22 |
| 245 04 - TITLE STATEMENT |
| Title |
The Cambridge guide to literature in English / |
| Statement of responsibility, etc |
edited by Dominic Head. |
| 246 30 - VARYING FORM OF TITLE |
| Title proper/short title |
Guide to literature in English |
| 250 ## - EDITION STATEMENT |
| Edition statement |
Third edition. |
| 264 #1 - PUBLICATION, DISTRIBUTION, ETC. (IMPRINT) |
| Place of publication, distribution, etc |
Cambridge : |
| Name of publisher, distributor, etc |
Cambridge University Press, |
| Date of publication, distribution, etc |
2006. |
| 300 ## - PHYSICAL DESCRIPTION |
| Extent |
xxiii, 1241 pages : |
| Other physical details |
illustrations ; |
| Dimensions |
26 cm |
| 336 ## - CONTENT TYPE |
| Source |
rdacontent |
| Content type term |
text |
| Content type code |
txt |
| 337 ## - MEDIA TYPE |
| Source |
rdamedia |
| Media type term |
unmediated |
| Media type code |
n |
| 338 ## - CARRIER TYPE |
| Source |
rdacarrier |
| Carrier type term |
volume |
| Carrier type code |
nc |
| 650 #7 - SUBJECT ADDED ENTRY--TOPICAL TERM |
| Topical term or geographic name as entry element |
English literature |
| Form subdivision |
Dictionaries. |
| Source of heading or term |
BUEsh |
| 9 (RLIN) |
19783 |
| 650 #7 - SUBJECT ADDED ENTRY--TOPICAL TERM |
| Topical term or geographic name as entry element |
Authors, English |
| Form subdivision |
Biography |
| -- |
Dictionaries. |
| Source of heading or term |
BUEsh |
| 9 (RLIN) |
19784 |
| 650 #7 - SUBJECT ADDED ENTRY--TOPICAL TERM |
| Topical term or geographic name as entry element |
English literature |
| Form subdivision |
Bio-bibliography. |
| Source of heading or term |
BUEsh |
| 9 (RLIN) |
19785 |
| 650 #7 - SUBJECT ADDED ENTRY--TOPICAL TERM |
| Topical term or geographic name as entry element |
Commonwealth literature (English) |
| Form subdivision |
Bio-bibliography. |
| Source of heading or term |
BUEsh |
| 9 (RLIN) |
19786 |
| 650 #7 - SUBJECT ADDED ENTRY--TOPICAL TERM |
| Topical term or geographic name as entry element |
Commonwealth literature (English) |
| Form subdivision |
Dictionaries. |
| Source of heading or term |
BUEsh |
| 9 (RLIN) |
19787 |
| 650 #7 - SUBJECT ADDED ENTRY--TOPICAL TERM |
| Topical term or geographic name as entry element |
Authors, Commonwealth |
| Form subdivision |
Biography |
| -- |
Dictionaries. |
| Source of heading or term |
BUEsh |
| 9 (RLIN) |
19788 |
| 650 #7 - SUBJECT ADDED ENTRY--TOPICAL TERM |
| Topical term or geographic name as entry element |
Authors, American |
| Form subdivision |
Biography |
| -- |
Dictionaries. |
| Source of heading or term |
BUEsh |
| 9 (RLIN) |
19789 |
| 650 #7 - SUBJECT ADDED ENTRY--TOPICAL TERM |
| Topical term or geographic name as entry element |
American literature |
| Form subdivision |
Bio-bibliography. |
| Source of heading or term |
BUEsh |
| 9 (RLIN) |
19790 |
| 650 #7 - SUBJECT ADDED ENTRY--TOPICAL TERM |
| Topical term or geographic name as entry element |
American literature |
| Form subdivision |
Dictionaries. |
| Source of heading or term |
BUEsh |
| 9 (RLIN) |
19791 |
| 651 ## - SUBJECT ADDED ENTRY--GEOGRAPHIC NAME |
| Source of heading or term |
BUEsh |
| 653 ## - INDEX TERM--UNCONTROLLED |
| Resource For college |
Humanities: English |
| Arrived date list |
April2021 |
| 655 ## - INDEX TERM--GENRE/FORM |
| Form subdivision |
Reading book |
| 9 (RLIN) |
34232 |
| 700 1# - ADDED ENTRY--PERSONAL NAME |
| Personal name |
Head, Dominic, |
| Relator term |
editor. |
| 9 (RLIN) |
19792 |
| 856 42 - ELECTRONIC LOCATION AND ACCESS |
| Materials specified |
Publisher description |
| Uniform Resource Identifier |
<a href="http://www.loc.gov/catdir/enhancements/fy0665/2006271458-d.html">http://www.loc.gov/catdir/enhancements/fy0665/2006271458-d.html</a> |
| 856 42 - ELECTRONIC LOCATION AND ACCESS |
| Materials specified |
Table of contents only |
| Uniform Resource Identifier |
<a href="http://www.loc.gov/catdir/enhancements/fy0665/2006271458-t.html">http://www.loc.gov/catdir/enhancements/fy0665/2006271458-t.html</a> |
| 856 42 - ELECTRONIC LOCATION AND ACCESS |
| Materials specified |
Contributor biographical information |
| Uniform Resource Identifier |
<a href="http://www.loc.gov/catdir/enhancements/fy0732/2006271458-b.html">http://www.loc.gov/catdir/enhancements/fy0732/2006271458-b.html</a> |
| 942 ## - ADDED ENTRY ELEMENTS (KOHA) |
| Koha item type |
Reference (NB) |
| Call number prefix |
820.90003 CAM |
| Source of classification or shelving scheme |
Dewey Decimal Classification |